Elektrické a elektronické přístroje v chemickém laboratoři

Salvato in:
Dettagli Bibliografici
Autore principale: Valenta, Pavel
Natura: Libro
Lingua:ceco
Pubblicazione: Praha Státní nakladatelství technické literatury 1971
Edizione:2. uprav. a dopln. vyd.
Tags: Aggiungi Tag
Nessun Tag, puoi essere il primo ad aggiungerne!!

MARC

LEADER 00000nam a2200000 4500
001 c121942
005 20221207065014.9
041 0 |a cze 
044 |a CZ 
245 1 0 |a Elektrické a elektronické přístroje v chemickém laboratoři  |c Pavel Valenta 
250 |a 2. uprav. a dopln. vyd. 
264 1 |a Praha  |b Státní nakladatelství technické literatury  |c 1971 
300 |a 429 s. 
100 1 |a Valenta, Pavel